| 000 | 00474nam 2200169 4500 | ||
|---|---|---|---|
| 001 | 1328 | ||
| 011 | _a9789892040660 | ||
| 090 | _a1328 | ||
| 100 | _a20161211d m||y0pory50 ba | ||
| 200 |
_aMassamá _eFreguesia do Concelho de Sintra _fF. Hermínio Santos |
||
| 210 |
_aMassamá _cJunta de Freguesia _d2013 |
||
| 215 |
_a255p. _cmuito il. _d26cm |
||
| 600 | _aF. Hermínio Santos | ||
| 601 | _aJunta de Freguesia | ||
| 675 |
_a908 _vUPS _zpor |
||
| 700 | _b Santos,F. Hermínio | ||
| 942 | _cBK | ||